| 000 | 01657nam a2200289 a 4500 | ||
|---|---|---|---|
| 001 | 000007535 | ||
| 005 | 20240307173900.0 | ||
| 008 | 090909s2001 dr 001 0 spa d | ||
| 020 | _a9993461032 | ||
| 040 |
_aDO-SdBNP _bspa _cBNPHU |
||
| 082 |
_a610.696 _bS944e |
||
| 100 | 1 |
_aSuero, Waldo Ariel _920918 |
|
| 245 | 1 | 4 |
_aUna exitosa consulta médica / _cWaldo Ariel Suero, Pablo Pascual Báez ; prólogo César Mella Mejías. |
| 260 |
_aSanto Domingo : _bBúho, _c2001. |
||
| 300 |
_a197 p. ; _c22 cm. |
||
| 500 | _aIncluye datos biográficos de los autores en las solapas. | ||
| 504 | _aBibliografía: p. 193-197. | ||
| 505 | 0 |
_gPrólogo -- _gIntroducción -- _tLa personalidad como elemento influyente en el éxito del consultorio médico -- _tAspectos administrativos de la consulta médica -- _tRelación médico paciente e interpersonales -- _tEl rol del equipo de salud en el éxito médico -- _tEl rol del consultorio en la práctica médica -- _tLa actualización médica y general como elemento fundamental en la atención -- _tLa prescripción como parte del acto médico -- _tEl liderazgo profesional, la ética y la credibilidad del médico -- _tEl marketing médico: ¿Una opción? -- _tMétodos para reducir o dispersar su consulta -- _t¿Qué esperan los pacientes de sus médicos? -- _gBibliografía. |
|
| 590 | _aInventariado,2018/DG | ||
| 650 | 4 |
_aConsulta médica _920919 |
|
| 650 | 4 |
_aPráctica médica _920145 |
|
| 650 | 4 |
_aConsultorios médicos _920920 |
|
| 650 | 4 |
_aMédico y paciente _920921 |
|
| 700 | 1 |
_aBáez, Pablo Pascual _920922 |
|
| 700 | 1 |
_aMella Mejías, César _d1950- _epról. _9210 |
|
| 910 | _aValidado. Control de calidad EMS | ||
| 999 |
_c7316 _d7316 |
||